000 00636nam a2200205Ia 4500
008 131103s9999 xx 000 0 und d
040 _aLoreto College
041 _aEnglish
082 _a158.1/CAR
_bLCLIB/40861
100 _aCarnegie, Dale
245 _aHow to develop self - confedence and influenced people by public speaking
_cDale Carnegie; selected by Dorothy Carnegie
260 _aNew Delhi
_bPocket Books
_c1967
300 _avi, 230 p.
_c 16 cm.
504 _aIncludes appendix
650 _aEnglish Literature
651 _aPublic Speaking
700 _aCarnegie, Dorothy
850 _aLCLIB/808.5/CAR
942 _cBK
999 _c1351
_d51830